El mozárabe / (Registro nro. 185324)

Detalles MARC
000 -LEADER
campo de control de longitud fija 00940nam a2200265 i 4500
001 - NÚMERO DE CONTROL
campo de control 185324
003 - IDENTIFICADOR DE NÚMERO DE CONTROL
campo de control SpMaBN
005 - FECHA Y HORA DE LA ÚLTIMA TRANSACCIÓN
campo de control 20250901063141.0
008 - DATOS DE LONGITUD FIJA--INFORMACIÓN GENERAL
campo de control de longitud fija 160520s2001 sp be |||| |dspa d
020 ## - NÚMERO INTERNACIONAL ESTÁNDAR DEL LIBRO
Número Internacional Estándar del Libro 84-666-0239-9
080 ## - NÚMERO DE LA CLASIFICACIÓN DECIMAL UNIVERSAL
Número de la Clasificación Decimal Universal 821.134.2-31"19"
100 1# - ENTRADA PRINCIPAL--NOMBRE DE PERSONA
Nombre de persona Sánchez Adalid, Jesús,
Fechas asociadas al nombre 1962-
9 (RLIN) 159586
245 13 - MENCIÓN DEL TÍTULO
Título El mozárabe /
Mención de responsabilidad, etc. Jesús Sánchez Adalid.
246 3# - FORMA VARIANTE DEL TITULO
Título propio/Titulo breve El destino de dos seres excepcionales en la península ibérica bajo la dominación musulmana
250 ## - MENCION DE EDICION
Mención de edición 1ª ed., 3ª reimp. [4ª ed.].
260 ## - PUBLICACIÓN, DISTRIBUCIÓN, ETC.
Lugar de publicación, distribución, etc. Barcelona :
Nombre del editor, distribuidor, etc. Ediciones B,
Fecha de publicación, distribución, etc. 2001.
300 ## - DESCRIPCIÓN FÍSICA
Extensión 662 p. :
Otras características físicas planos, mapa ;
Dimensiones 24 cm.
490 1# - MENCIÓN DE SERIE
Mención de serie Histórica
500 ## - NOTA GENERAL
Nota general Glosario.
830 10 - PUNTO DE ACCESO ADICIONAL DE SERIE-TÍTULO UNIFORME
Título uniforme Histórica (Ediciones B)
9 (RLIN) 176073
852 ## - LOCALIZACIÓN
Ubicación ES-MaACL
Número de control de estantería A-13764
itemnumber 192349
Sublocalización o colección R.150982
Ubicación en estantería Depósito 1
Signatura antigua Olim: N-6764
Donativo/Legado Donación: José Lázaro
903 ## - NOMBRE PERSONAL DE DONANTE
9 234219
a Lázaro García, José
e Donante
942 ## - ELEMENTOS DE ENTRADA SECUNDARIOS (KOHA)
Fuente del sistema de clasificación o colocación Clasificación decimal universal
Tipo de ítem Koha Libro impreso
Existencias
Estatus retirado Estado de pérdida Fuente del sistema de clasificación o colocación Estado de daño No para préstamo Biblioteca de origen Biblioteca actual Ubicación en estantería Fecha de adquisición Fuente de adquisición Total de préstamos Signatura topográfica completa Código de barras Visto por última vez Precio de reemplazo Tipo de ítem Koha
    Clasificación decimal universal     Biblioteca del Ateneo de Madrid Biblioteca del Ateneo de Madrid Depósito 1 20/05/2016 Donación   A-13764 1195251 23/02/2023 23/02/2023 Libro impreso